O práve národov na samourčenie

Gespeichert in:
Bibliographische Detailangaben
Format: Buch
Sprache:Slowakisch
Veröffentlicht: Bratislava Pravda 1950
Tags: Tag hinzufügen
Keine Tags, Fügen Sie das erste Tag hinzu!

MARC

LEADER 00000nam a2200000 4500
001 0268188
005 20240822101711.6
041 0 |a slo 
044 |a -CS 
245 1 0 |a O práve národov na samourčenie  |c V.L. Lenin 
264 1 |a Bratislava  |b Pravda  |c 1950